Rosen v Trustees of the Camden Charities (Record no. 66430)
[ view plain ]
| 000 -LEADER | |
|---|---|
| fixed length control field | 01287cam a2200217 4500 |
| 001 - CONTROL NUMBER | |
| control field | ABS63737 |
| 008 - FIXED-LENGTH DATA ELEMENTS--GENERAL INFORMATION | |
| fixed length control field | 000000n2001 000 0 eng u |
| 035 ## - SYSTEM CONTROL NUMBER | |
| System control number | (Sirsi) u111485 |
| 245 ## - TITLE STATEMENT | |
| Title | Rosen v Trustees of the Camden Charities |
| 260 ## - PUBLICATION, DISTRIBUTION, ETC. | |
| Date of publication, distribution, etc. | 2001 |
| 490 ## - SERIES STATEMENT | |
| Series statement | Estates Gazette |
| Volume/sequential designation | [2001] 10 EG 159, 159-163(5) |
| 520 ## - SUMMARY, ETC. | |
| Summary, etc. | CA 30 November 2000. Further to an agreement with the trustees in 1850, I built 29 houses. In October 1852, when house 25 was completed, I was granted a 66 and a half year lease of number 25. The successor in title to this lease (B) sought to acquire the freehold under a notice of claim by his predecessor, in accordance with the provisions of the Leasehold Reform Act 1967. On appeal the LT decided the erection of a house at number 25 was not an improvement under s9(1A) (d), and the 1850-52 building agreement did not amount to a tenancy in equity. The house should not be disregarded for the purposes of the s9(1A) valuation. B appealed. "Held". Appeal dismissed. |
| 590 ## - LOCAL NOTE (RLIN) | |
| Local note | ABS |
| 650 ## - SUBJECT ADDED ENTRY--TOPICAL TERM | |
| Topical term or geographic name entry element | ROSEN V TRUSTEES OF THE CAMDEN CHARITIES |
| 650 ## - SUBJECT ADDED ENTRY--TOPICAL TERM | |
| Topical term or geographic name entry element | LEASEHOLD ENFRANCHISEMENT |
| 650 ## - SUBJECT ADDED ENTRY--TOPICAL TERM | |
| Topical term or geographic name entry element | LEASEHOLD REFORM ACT 1967 S9(1A) |
| 650 ## - SUBJECT ADDED ENTRY--TOPICAL TERM | |
| Topical term or geographic name entry element | IMPROVEMENTS |
| 650 ## - SUBJECT ADDED ENTRY--TOPICAL TERM | |
| Topical term or geographic name entry element | FREEHOLD |
| 690 ## - LOCAL SUBJECT ADDED ENTRY--TOPICAL TERM (OCLC, RLIN) | |
| Topical term or geographic name as entry element | LANDLORD AND TENANT-LEASES-CASE LAW |
| 942 ## - ADDED ENTRY ELEMENTS (KOHA) | |
| Suppress in OPAC | 0 |
| Withdrawn status | Lost status | Source of classification or shelving scheme | Damaged status | Not for loan | Home library | Current library | Shelving location | Date acquired | Total Checkouts | Full call number | Barcode | Date last seen | Copy number | Price effective from | Koha item type |
|---|---|---|---|---|---|---|---|---|---|---|---|---|---|---|---|
| Dewey Decimal Classification | London | London | Journal article | 19/03/2001 | ABS63737 | 111485-1001 | 06/08/2019 | 1 | 06/08/2019 | Law report |